<?xml version="1.0" encoding="UTF-8"?>
<record
    xmlns:xsi="http://www.w3.org/2001/XMLSchema-instance"
    xsi:schemaLocation="http://www.loc.gov/MARC21/slim http://www.loc.gov/standards/marcxml/schema/MARC21slim.xsd"
    xmlns="http://www.loc.gov/MARC21/slim">

  <leader>01102nam a22003017a 4500</leader>
  <controlfield tag="005">20110525143920.0</controlfield>
  <controlfield tag="008">110525t        xxu||||| |||| 00| 0 eng d</controlfield>
  <datafield tag="010" ind1=" " ind2=" ">
    <subfield code="a">ENG-102516</subfield>
  </datafield>
  <datafield tag="020" ind1=" " ind2=" ">
    <subfield code="a">9788184503012</subfield>
    <subfield code="c">880.00</subfield>
  </datafield>
  <datafield tag="035" ind1=" " ind2=" ">
    <subfield code="a">EN-86049</subfield>
  </datafield>
  <datafield tag="037" ind1=" " ind2=" ">
    <subfield code="b">DBAD / PUB</subfield>
  </datafield>
  <datafield tag="040" ind1=" " ind2=" ">
    <subfield code="a">dpl</subfield>
    <subfield code="b">English </subfield>
  </datafield>
  <datafield tag="082" ind1=" " ind2=" ">
    <subfield code="a">338.160954</subfield>
  </datafield>
  <datafield tag="100" ind1=" " ind2=" ">
    <subfield code="9">27410</subfield>
    <subfield code="a">Ghose, Arpita</subfield>
  </datafield>
  <datafield tag="110" ind1=" " ind2=" ">
    <subfield code="9">27425</subfield>
  </datafield>
  <datafield tag="245" ind1=" " ind2=" ">
    <subfield code="a">Globalization, agricultural growth and food security in India /</subfield>
    <subfield code="c">by Arpita Ghose</subfield>
  </datafield>
  <datafield tag="260" ind1=" " ind2=" ">
    <subfield code="a">New Delhi </subfield>
    <subfield code="b">Deep &amp; Deep Publications</subfield>
    <subfield code="c">2011</subfield>
  </datafield>
  <datafield tag="270" ind1=" " ind2=" ">
    <subfield code="a">F-159, Rajouri Garden</subfield>
    <subfield code="b">New Delhi </subfield>
    <subfield code="e">110027</subfield>
    <subfield code="k">25435369,25440916</subfield>
  </datafield>
  <datafield tag="300" ind1=" " ind2=" ">
    <subfield code="a">x, 245 p. </subfield>
    <subfield code="c">22cm (Hb)</subfield>
  </datafield>
  <datafield tag="500" ind1=" " ind2=" ">
    <subfield code="a">Includes bibliographical references and index</subfield>
  </datafield>
  <datafield tag="650" ind1=" " ind2=" ">
    <subfield code="9">27411</subfield>
  </datafield>
  <datafield tag="650" ind1=" " ind2=" ">
    <subfield code="9">27412</subfield>
  </datafield>
  <datafield tag="650" ind1=" " ind2=" ">
    <subfield code="9">27426</subfield>
  </datafield>
  <datafield tag="700" ind1=" " ind2=" ">
    <subfield code="9">27415</subfield>
  </datafield>
  <datafield tag="942" ind1=" " ind2=" ">
    <subfield code="a">dpl</subfield>
    <subfield code="c">EN</subfield>
    <subfield code="2">ddc</subfield>
    <subfield code="m">GHO</subfield>
    <subfield code="h">338.160954</subfield>
  </datafield>
  <datafield tag="999" ind1=" " ind2=" ">
    <subfield code="c">52597</subfield>
    <subfield code="d">52597</subfield>
  </datafield>
  <datafield tag="952" ind1=" " ind2=" ">
    <subfield code="0">0</subfield>
    <subfield code="1">0</subfield>
    <subfield code="2">ddc</subfield>
    <subfield code="4">0</subfield>
    <subfield code="7">1</subfield>
    <subfield code="8">NFIC</subfield>
    <subfield code="a">DBAD</subfield>
    <subfield code="b">DBAD</subfield>
    <subfield code="d">2011-05-25</subfield>
    <subfield code="e">d</subfield>
    <subfield code="g">880.00</subfield>
    <subfield code="l">0</subfield>
    <subfield code="o">338.160954 GHO</subfield>
    <subfield code="p">EN-86049</subfield>
    <subfield code="r">2011-05-25 00:00:00</subfield>
    <subfield code="t">1</subfield>
    <subfield code="v">880.00</subfield>
    <subfield code="w">2011-05-25</subfield>
    <subfield code="y">EN</subfield>
  </datafield>
</record>
